书目信息 |
| 题名: |
十三经引得
|
|
| 作者: | ;宗青图书出版公司 编 | |
| 分册: | 礼记 | |
| 出版信息: | 台北 宗青图书出版公司 1989.01 |
|
| 页数: | 612页 | |
| 开本: | 21cm | |
| 丛书名: | 汉学索引集成 | |
| 单 册: | ||
| 中图分类: | Z89 | |
| 科图分类: | ||
| 主题词: | 文摘 , 索引 | |
| 电子资源: | ||
| ISBN: | ||
| 000 | 00737nam0 2200253 45 | |
| 001 | 0505081449 | |
| 005 | 20061127140412.90 | |
| 010 | @b精装@dCNY1400.00 | |
| 100 | @a20050508d1989 km y0chiy0120 ea | |
| 101 | 0 | @achi |
| 105 | @a z 000yy | |
| 200 | 1 | @a十三经引得@AShi San Jing Yin De@i礼记@f宗青图书出版公司编@FZongQing TuShu Chu Ban Gong Si Bian |
| 210 | @a台北@c宗青图书出版公司@d1989.01 | |
| 215 | @a612页@d21cm | |
| 225 | @a汉学索引集成@f蒋致远主编 | |
| 410 | @12001 @a汉学索引集成 | |
| 410 | @1700 0@a蒋致远@AJiang Zhi Yuan@4主编 | |
| 517 | @a礼记@ALi Ji | |
| 606 | 0 | @a文摘 |
| 606 | 0 | @a索引 |
| 690 | @aZ89@v3 | |
| 711 | 02 | @a宗青图书出版公司@4编 |
| 801 | @aCN@bPftUser@c20061127 | |
| 905 | @dZ89@e103:3@f1@b261169 | |
| 十三经引得.礼记/宗青图书出版公司编.-台北:宗青图书出版公司,1989.01 |
| 612页;21cm.-(汉学索引集成/蒋致远主编) |
| ISBN (精装):CNY1400.00 |
| ● |
| 相关链接 |
|
|
|
|
正题名:十三经引得
索取号:Z89/103:3
 
预约/预借
| 序号 | 登录号 | 条形码 | 馆藏地/架位号 | 状态 | 备注 |
| 1 | 0261168 | 202130915 | 第二样本阅览室/ [索取号:Z89/103:3] | 在馆 | |
| 2 | 0261169 | 000431599 | 工具书阅览室/ [索取号:Z89/103:3] | 在馆 |